00602nam a22001937a 450000500170000001000130001702000220003003500130005203700160006504000120008108200170009310000170011024501110012726000440023827000760028230000270035865000120038565000110039720170124110046.0 aA-943398 c00.00a8185361207 aA-943398 bCen Lib/Ret aDPLbEN a796.355bJOS aJoshi, Manoj aTune your favourite game with the melodious music of venus :cby Manoj Joshibwith best compliments from / aBombaybVenus Records & Tapes Pvt. Ltd. aShiv Sagar, Alfred Creado Road, Opp. Cahnd Society JuhubBombaye400049 a83p. :c22cm(Hb)bill. aSports  aGames